1503 1525 1763 1042 1909 1004 1400 1787 1306 1453 1007 1122 1046 1589 1216 1962 1170 1216 1576 1606 1503 1085 1581 1533 1431 1530 1476 1779 1977 1247 1604 1912 1696 1708 1386 1756 1923 1793 1714 1391 1311 1583 1572 1310 1730 1741 1767 1107 1780 1734 1127 1055 1331 1554 1173 1190 1865 1273 1134 1986 1140 1196 1378 1369 1118 1324 1593 1296 1227 1970 1795 1886 1933 1096 1742 1931 1808 1789 1431 1343 1260 1796 1046 1778 1941 1675 1908 1395 1720 1908 1574 1343 1966 1567 1290 1948 1578 1404 1834 BCNSPRNW ULIB Ver.6.0+V

เปลี่ยนเป็นภาษาไทย

Change to English
 แสดงรายละเอียดบรรณานุกรม
  กลับหน้าหลัก

Brief Record : Get Marc (ISO 2709) : E-mail record : QR code < ปิดหน้าต่าง
LEADER : 00000nam 2200000uu 4500
001    13399125933
003     ULIB
008    171120s2558||||th 000 0 tha d
020    ^a9786165382441
050  4 ^aLB 2832.4.T5^bย134ค
100 0  ^aยนต์ ชุ่มจิต
245 10 ^aความเป็นครู =^bSelf actualization for teachers /^cยนต์ ชุ่มจิต
246 31 ^aSelf actualization for teachers
250    ^aพิมพ์ครั้งที่ 6
260    ^aกรุงเทพฯ :^bโอเดียนสโตร์,c2558
300    ^a347 หน้า
650  4 ^aครู
650  4 ^aครู^xการทำงาน
650  4 ^aครู^xจรรยาบรรณ
945    ^p250^l0^i25686
999    ^aกัณชพร จุลอักษร
รายการนี้ยังไม่มีแท็ก
คุณยังไม่ได้ล็อกอิน คุณสามารถมีกิจกรรมร่วมกับเว็บไซต์ได้ แต่ต้องล็อกอินก่อน ::
  ล็อกอิน

รายการสื่อสารสนเทศ

ลำดับที่ ประเภท เลขเรียก/บาร์โค้ด สถานที่ สถานะ
1. วิทยาศาสตร์การแพทย์ และสุขภาพ
วิทยาศาสตร์การแพทย์ และสุขภาพ
LB 2832.4.T5 ย134ค ฉ.1 
  Barcode: 25686
ห้องสมุดวิทยาเขตนครสวรรค์
►หนังสือทั่วไป:l:General Books
บนชั้น

รายการใกล้เคียง
    ผู้แต่ง [ยนต์ ชุ่มจิต]

    หัวเรื่อง [ครู]
    หัวเรื่อง [ครู จรรยาบรรณ]

BibComment


ยังไม่เคยถูกคอมเมนท์

คอมเมนท์ทรัพยากรรายการนี้
  คอมเมนท์: ความเป็นครู Sel..


 Copyright 2026. Bcnsprnw @Library